| Tag |
First Indicator |
Second Indicator |
Subfields |
| LEADER |
00000pam a2200000 i 4500 |
| 001 |
in00000052823 |
| 005 |
20151007074147.0 |
| 008 |
790626s1980 nyu b 10110 eng |
| 010 |
|
|
|a 79017366
|
| 020 |
|
|
|a 0444003282
|
| 035 |
|
|
|a (OCoLC)05170449
|
| 035 |
|
|
|9 AAF1046AM
|
| 040 |
|
|
|a DLC
|c DLC
|d TXA
|d UtOrBLW
|
| 049 |
|
|
|a TXAM
|c [1192009]
|
| 050 |
0 |
0 |
|a T174.5
|b .I57 1976
|
| 082 |
0 |
|
|a 301.24/3/018
|
| 111 |
2 |
|
|a International Congress on Technology Assessment
|n (2d :
|d 1976 :
|c University of Michigan)
|
| 245 |
1 |
0 |
|a Technology assessment :
|b creative futures : perspectives from and beyond the second international congress /
|c prepared by Mark A. Boroush, Kan Chen, and Alexander N. Christakis ; [sponsored by the International Society for Technology Assessment].
|
| 264 |
|
1 |
|a New York :
|b North Holland,
|c [1980]
|
| 264 |
|
4 |
|c ©1980
|
| 300 |
|
|
|a xviii, 405 pages ;
|c 24 cm.
|
| 336 |
|
|
|a text
|b txt
|2 rdacontent
|
| 337 |
|
|
|a unmediated
|b n
|2 rdamedia
|
| 338 |
|
|
|a volume
|b nc
|2 rdacarrier
|
| 490 |
1 |
|
|a North Holland series in system science and engineering
|
| 504 |
|
|
|a Includes bibliographies and index.
|
| 650 |
|
0 |
|a Technology assessment
|v Congresses.
|
| 700 |
1 |
|
|a Boroush, Mark A.
|
| 700 |
1 |
|
|a Chen, Kan,
|d 1928-
|
| 700 |
1 |
|
|a Christakis, Alexander N.
|
| 710 |
2 |
|
|a International Society for Technology Assessment.
|
| 830 |
|
0 |
|a North-Holland series in system science and engineering.
|
| 999 |
|
|
|a MARS
|
| 999 |
f |
f |
|s 4a7d2b8b-0650-30ce-b658-a7046ec515b9
|i 974d914e-9332-35e0-8a74-b227aee1b841
|t 0
|
| 952 |
f |
f |
|p ric
|a Texas A&M University
|b Rellis Campus
|c Joint Library Facility
|d Remote Storage
|t 0
|e T174.5 .I57 1976
|h Library of Congress classification
|i unmediated -- volume
|m A14805275649
|
| 998 |
f |
f |
|a T174.5 .I57 1976
|t 0
|l Remote Storage
|